000
00481nam a2200157Ia 4500
005
20260121165314.0
008
260121s9999 xx 000 0 und d
041
_a
mar
082
_a
294.5
100
_a
जेवणे, दीपक
245
_a
संतांचे समरसता सूत्रे
250
_a
1
260
_b
भारतीय विचार साधना पुणे
_c
2017
300
_a
120
650
_a
मराठी साहित्य
999
_c
370016
_d
370016